000 01725nam a2200349 4500
001 0000022036
003 CO-CtgCURN
005 20250516163635.0
007 ta
008 160627s2004 000 0 eng d
020 _a9583359246
040 _aCO-CtgCURN
_bspa
_ccoctgcurn
082 0 _a347.05
_bL864i
100 1 _aLópez Blanco, Hernan Fabio.
245 1 0 _aInstituciones de derecho procesal civil colombiano :
_bparte especial /
_cHernan Fabio López Blanco.
250 _a8a ed.
256 _aProcedimiento civil: parte especial.
260 _aBogotá :
_bDupre,
_c2004.
300 _av.2.
336 _2rdacontent
337 _2rdamedia
_asin mediacion
_bn
338 _2rdacarrier
_avolumen
_bnc
500 _aIncluye indices.
504 _aIncluye bibliografia (p. 961-966)
505 8 _aDe los procesos en particular -- De los procesos declarativos o de conocimiento -- Del proceso abreviado -- Del proceso verbal -- Del proceso verbal sumario -- Del proceso de expropiacion -- Del proceso de deslinde y amojonamiento -- De los procesos divisorios -- Las acciones populares y de grupo -- Del proceso de ejecucion -- De los procesos de liquidacion -- De los procesos de jurisdicción voluntaria -- Del proceso arbitral -- Del proceso para el cumplimiento de sentencias o laudos dictados en el extranjero o exequatur -- De las medidas cautelares y las cauciones
650 1 4 _aProcedimiento civil
_zColombia.
908 _a160627
942 _cBK
_h347.05
_iL864i
_2ddc
_n0
999 _c20450
_d20450